Normal view
MARC view
- SUPERVISOR , DR MUHAMMAD SHAHID
Entry Personal Name
001 - CONTROL NUMBER
- control field: 72342
003 - CONTROL NUMBER IDENTIFIER
- control field: NUST
005 - DATE AND TIME OF LATEST TRANSACTION
- control field: 20210628204759.0
008 - FIXED-LENGTH DATA ELEMENTS
- fixed length control field: 210628|| aca||aabn | a|a d
040 ## - CATALOGING SOURCE
- Original cataloging agency: NUST
- Transcribing agency: NUST
100 ## - HEADING--PERSONAL NAME
- Personal name: SUPERVISOR , DR MUHAMMAD SHAHID
670 ## - SOURCE DATA FOUND
- Source citation: Work cat.: (NUST): SAAD,ABDUR REHMAN,NADEEM 72341, PR-SOF-1035-CORROSION PROTECTION OF BOILERS, 2010
